000 01241nam a2200229Ia 4500
001 L220-4465
003 IT-CnALBA
008 170116s9999||||xx |||||||||||||| ||und||
040 _aIT-CnALBA
_cIT-CnALBA
041 _aITALIANO
100 _aGHIDELLI CARLO, SAC.
245 0 _aCORSO BIBLICO SUPERIORE. VIA DELLA SALVEZZA. GUIDA ALLA LETTURA DELLA BIBBIA.
250 _a1a ed.
260 _a ROMA
_bCENTRO UT UNUM SINT
_c1972 [1° Ed.:1972 - Ed.Ling.Originale: 1972]
300 _a466 p.
500 _aALTRI AUTORI: CAVEDO ROMEO, BOZZETTI CARLO, BARBAGLIO GIUSEPPE. INTRODUZIONE ALLE LETTERE DI S. PAOLO. TESSALONICESI. GIUSTIFICAZIONE ROMANI E GALATI. LETTERA AI ROMANI, CORINTI, FILIPPESI, EFESINI. LETTERE PASTORALI. EBREI. QUARTO VANGELO. PROLOGO AL VAN
501 _aSocietà San Paolo EM - Piazza San Paolo, 14 - 12051 ALBA (CN) (non commercial uses only) ® Copyright 2017
520 _aALTRI AUTORI: CAVEDO ROMEO, BOZZETTI CARLO, BARBAGLIO GIUSEPPE. INTRODUZIONE ALLE LETTERE DI S. PAOLO. TESSALONICESI. GIUSTIFICAZIONE ROMANI E GALATI. LETTERA AI ROMANI, CORINTI, FILIPPESI, EFESINI. LETTERE PASTORALI. EBREI. QUARTO VANGELO. PROLOGO AL VAN
650 _aBIBBIA - TESTI E COMMENTI
942 _cBK
957 _71
999 _a5442
_bNO
_g Copie: 1
_c263650
_d263650